Nomadic concepts, variable choice and the social sciences (Record no. 514237)

000 -LEADER
fixed length control field 01072nam a22001577a 4500
008 - FIXED-LENGTH DATA ELEMENTS--GENERAL INFORMATION
fixed length control field 201019b ||||| |||| 00| 0 eng d
100 ## - MAIN ENTRY--PERSONAL NAME
Personal name Greene, Catherine
245 ## - TITLE STATEMENT
Title Nomadic concepts, variable choice and the social sciences
260 ## - PUBLICATION, DISTRIBUTION, ETC. (IMPRINT)
Place of publication, distribution, etc Philosophy of the Social Sciences
300 ## - PHYSICAL DESCRIPTION
Extent 50(1), Jan, 2020: p.3-22
520 ## - SUMMARY, ETC.
Summary, etc The observation that concepts used by social scientists are often problematic is not new; they have been described as Ballung concepts, cluster concepts, essentially contested, and reflexive; however, the need to work with these concepts remains. This article addresses the problem of variable choice in the social sciences by exploring and extending Woodward’s recommendations. This article demonstrates why Woodward’s criteria are difficult to apply in the social sciences and proposes an alternative, but complementary, framework for assessing variables. - Reproduced
650 ## - SUBJECT ADDED ENTRY--TOPICAL TERM
Topical term or geographic name as entry element Variable choice, Wellbeing, Democracy
9 (RLIN) 18722
773 ## - HOST ITEM ENTRY
Main entry heading Philosophy of the Social Sciences
906 ## - LOCAL DATA ELEMENT F, LDF (RLIN)
Subject DIP SOCIAL SCIENCES
942 ## - ADDED ENTRY ELEMENTS (KOHA)
Item type Articles
Holdings
Withdrawn status Lost status Source of classification or shelving scheme Damaged status Not for loan Permanent location Current location Date acquired Serial Enumeration / chronology Barcode Date last seen Koha item type
          Indian Institute of Public Administration Indian Institute of Public Administration 2020-10-19 50(1), Jan, 2020: p.3-22 AR123275 2020-10-19 Articles

Powered by Koha